<?xml version="1.0" encoding="UTF-8"?>
<record
    xmlns:xsi="http://www.w3.org/2001/XMLSchema-instance"
    xsi:schemaLocation="http://www.loc.gov/MARC21/slim http://www.loc.gov/standards/marcxml/schema/MARC21slim.xsd"
    xmlns="http://www.loc.gov/MARC21/slim">

  <leader>00619nam a2200205Ia 4500</leader>
  <controlfield tag="003">OSt</controlfield>
  <controlfield tag="005">20251201121359.0</controlfield>
  <controlfield tag="008">211119s9999||||xx |||||||||||||| ||und||</controlfield>
  <datafield tag="020" ind1=" " ind2=" ">
    <subfield code="a">978-81-317-1625-0</subfield>
  </datafield>
  <datafield tag="040" ind1=" " ind2=" ">
    <subfield code="c">SBCL</subfield>
  </datafield>
  <datafield tag="082" ind1=" " ind2=" ">
    <subfield code="a">005.740 68</subfield>
    <subfield code="b">ELM-F</subfield>
  </datafield>
  <datafield tag="100" ind1=" " ind2=" ">
    <subfield code="a">Elmasri, Ramez</subfield>
  </datafield>
  <datafield tag="245" ind1=" " ind2="0">
    <subfield code="a">FUNDAMENTALS OF DATABASE SYSTEMS</subfield>
  </datafield>
  <datafield tag="250" ind1=" " ind2=" ">
    <subfield code="a">5th ed.</subfield>
  </datafield>
  <datafield tag="260" ind1=" " ind2=" ">
    <subfield code="b">Dorling Kindersley</subfield>
    <subfield code="a">2006</subfield>
    <subfield code="c">India</subfield>
  </datafield>
  <datafield tag="300" ind1=" " ind2=" ">
    <subfield code="a">1143p</subfield>
  </datafield>
  <datafield tag="650" ind1=" " ind2=" ">
    <subfield code="a">Comupter science, information &amp; general works</subfield>
    <subfield code="a"> Computer programming, programs &amp; data</subfield>
  </datafield>
  <datafield tag="650" ind1=" " ind2=" ">
    <subfield code="v">Computer Programming, programs &amp; data Management</subfield>
    <subfield code="x">MBA LIBRARY</subfield>
  </datafield>
  <datafield tag="942" ind1=" " ind2=" ">
    <subfield code="c">BOOK</subfield>
  </datafield>
  <datafield tag="952" ind1=" " ind2=" ">
    <subfield code="0">0</subfield>
    <subfield code="1">0</subfield>
    <subfield code="2">ddc</subfield>
    <subfield code="4">0</subfield>
    <subfield code="7">0</subfield>
    <subfield code="a">SBCL</subfield>
    <subfield code="b">SBCL</subfield>
    <subfield code="c">4</subfield>
    <subfield code="d">2021-11-19</subfield>
    <subfield code="g">350.00</subfield>
    <subfield code="o">005.74068 ELM-F</subfield>
    <subfield code="p">00128602</subfield>
    <subfield code="r">2021-11-19 00:00:00</subfield>
    <subfield code="w">2021-11-19</subfield>
    <subfield code="y">BOOK</subfield>
  </datafield>
  <datafield tag="999" ind1=" " ind2=" ">
    <subfield code="c">115142</subfield>
    <subfield code="d">115142</subfield>
  </datafield>
</record>
